Регионална библиотека "Любен Каравелов" - Русе

Да направим къщичка от дърво (Запис номер 323058)

MARC детайли
000 -Лидер
Контролно поле с фиксирана дължина 01647aam a2200373 a 4500
003 - Код на организацията, давaща контролен номер
Контролно поле BLK
005 - Дата и час на последна редакция
Контролно поле 20250708124201.0
008 - Елементи от данни с фиксирана дължина
fixed length control field 181012b bu ||||| |||| 00| 0 bu d
020 ## - Международен стандартен номер на книга ISBN
Международен стандартен номер на книга ISBN 978-619-199-286-7
020 ## - Международен стандартен номер на книга ISBN
Международен стандартен номер на книга ISBN 3800083822448
040 ## - Източник на каталожния запис
Идентификатор на билиотеката - собственик на записа BLK
041 ## - Код за език
Код за езика на текст/звукозапис или на отделно заглавие Български
Код за езика КДБФ Български
080 ## - УДК
Текстов определител УДК Построяване и монтаж на временни дървени конструкции
УДК код - определител по УДК 694.3
УДК определител :087.5
УДК - код + определител 694.3:087.5
100 ## - Редна дума - Автор
Автор Прус, Даниела
Авторска отговорност първи автор
R(LIN) 1299
139 ## - Редно поле
Редна дума Прус, Даниела
Авторски знак Прот - П 92
245 ## - Сведения за заглавието
Заглавие Да направим къщичка от дърво
Подзаглавни данни Енциклопедия за най-малките : С повдигащи се капачета на всяка страница
Редно поле (дума) Даниела Прус
260 ## - Област на издателските данни
Име на издателя, разпространителя и проч. Фют
Година на издаване 2018
Място на издаване, разпространение и проч. София
300 ## - Физическа характеристика
Страници 16 с.
Илюстрации и др. с цв. ил.
Размери/Мащаб 20 см
380 ## - Жанр
Жанр Детска отраслова лит.
490 ## - СЕРИИ (Колекции)
9 (RLIN) 208015
Име на серия Поредица Защо? Какво? Как?
№: серия 25
500 ## - Общи забележки
Забележка Кор. опис. - Ориг. загл.: Unser Werkzeug / text Daniela Prusse. - <br/>Кн. отпеч. на ламиниран картон
653 #7 - Ключова дума – ненормативна
9 (RLIN) 187705
Ключова дума инструменти
653 #7 - Ключова дума – ненормативна
9 (RLIN) 185660
Ключова дума дърводелство
653 #7 - Ключова дума – ненормативна
9 (RLIN) 184826
Ключова дума детска литература
700 ## - Други автори (авторска отговорност)
9 (RLIN) 599
Лично име Нилендер, Петер
Автороска отговорност (Описва отношението между автора и произведението) ил.
700 1# - Други автори (авторска отговорност)
Лично име Палазова, Розалина Борилова
Друга информация Журналист. Преводач от немски език.
9 (RLIN) 105705
942 ## - АРТИКУЛИ
Вид на библиотечния материал Книги
Източник на класификационната схема Universal Decimal Classification
Скрит в OPAC Не
Koha issues (borrowed), all copies 83
Периодичен библиозапис Да
944 ## - СЪЗДАВАНЕ И РЕДАКЦИЯ на ЗАПИСА
Служител, извършил регистрацията/редакцията 30560
Статус, дата на статуса Геновева Генчева
999 ## - СИСТЕМНИ КОНТРОЛНИ НОМЕРА
Koha biblionumber 323058
Koha biblioitemnumber 323058
999 ## - СИСТЕМНИ КОНТРОЛНИ НОМЕРА
Koha biblioitemnumber 323058
999 ## - СИСТЕМНИ КОНТРОЛНИ НОМЕРА
Koha biblioitemnumber 323058
999 ## - СИСТЕМНИ КОНТРОЛНИ НОМЕРА
Koha biblioitemnumber 323058
999 ## - СИСТЕМНИ КОНТРОЛНИ НОМЕРА
Koha biblioitemnumber 323058
999 ## - СИСТЕМНИ КОНТРОЛНИ НОМЕРА
Koha biblioitemnumber 323058
Наличности
Код за отписване Код за изгубен артикул Източник на класификационната схема Код за повреда Коз за рестрикции Код за отдаване Артикулен № Име на библиотеката - собственик Име на библиотеката, в която се намира в момента Статус (Текущо местоположение) Дата на вписване в системата Местоположение - отдел Цена в лева Инвентарен номер Систематично азбучна сигнатура Баркод Цена в евро Служебен тип на артикула
  Не е изгубен Universal Decimal Classification Не е повреден без рестрикции заемане за дома 677735 Регионална библиотека "Любен Каравелов" Русе Регионална библиотека "Любен Каравелов" Русе Детски отдел 2018-06-20 Детски отдел 9.90 120000821560 ДН 62/П 92 120000821560 5.06 Книги
  Не е изгубен Universal Decimal Classification Не е повреден без рестрикции заемане за дома 862064 Регионална библиотека "Любен Каравелов" Русе Регионална библиотека "Любен Каравелов" Русе Детски отдел 2021-11-16 Детски отдел 8.18   62/П 92 Д 120000862514 4.18 Книги
  Не е изгубен Universal Decimal Classification Не е повреден без рестрикции заемане за дома 862065 Регионална библиотека "Любен Каравелов" Русе Регионална библиотека "Любен Каравелов" Русе Детски отдел 2021-11-16 Детски отдел 8.18   62/П 92 Д 120000862515 4.18 Книги
Vip Innovations Ltd, Rousse, Bulgaria 2025